000 02039nam0a2200337 4500
001 RU\NLR\BIBL_A\011860694
005 20190311104905.0
010 _a978-5-905395-43-7
_91500
021 _aRU
_bКН-П-18-078781
_9КН-П-18-5699
035 _a(NLR Aleph) 011860694
035 _a(RuMoRGB)009778162
090 _a12151443
_c12151443
100 _a20181112d2016 u y0rusy50 ca
101 0 _arus
102 _aRU
105 _aa|||zzzz000zy
200 1 _aНаучно-методическое обеспечение подготовки спортивного резерва
_eметодическое пособие
_fН. Н. Чесноков, А. П. Морозов
_gМинистерство Российской Федерации, Федеральное государственное бюджетное учреждение "Федеральный центр подготовки спортивного резерва"
210 _aМосква
_cФГБУ "Федеральный центр подготовки спортивного резерва"
_d2016
215 _a135, [1] с.
_cил.
_d20
300 _aНа обл. авт. не указаны
320 _aБиблиогр.: с. 123-126
606 1 _aСпортивный резерв
_jМетодические пособия
_xПодготовка
_xНаучно-методическое обеспечение
_92400701
_3RU\NLR\AUTH\6601650826
606 1 _aСпортивный резерв
_jМетодические пособия
_xПодготовка
_yРоссийская Федерация
_92400695
_3RU\NLR\AUTH\6601650824
686 1 _aЧ511.53е.я8
700 1 _aЧесноков
_bН. Н.
_cд-р пед. наук
_f1957-
_gНиколай Николаевич
_9127100
_3RU\NLR\AUTH\770127124
701 1 _7ca
_8rus
_aМорозов
_bА. П.
_cканд. пед. наук
_gАнтон Павлович
_9198827
_3RU\NLR\AUTH\770198878
942 _cBOOK
980 _aNBR
980 _aNB